000 003070000a22001450004500
003 MACL
040 _aMACL
090 _c7443
_d7442
100 _aBasu, A K
245 _aNew Prontiers of Medical and Surgery
260 _bPublicaton Division
_c1967
350 _a1
650 _aMedical
942 _cBOOK
_k610
999 _c7395
_d7395